Science Quiz

Random Science or Chemistry Quiz

Elements by Group Quiz Stats

Quiz not verified by Sporcle

Challenge
Share
Tweet
Embed
Score 0/118 Timer 20:00
0 Plays Today
% Correct
Transition Metals
37.9%
Actinides
36.9%
Noble Gases
36.9%
Noble Gases
35.9%
Noble Gases
35.9%
Transition Metals
35.9%
Transition Metals
35.9%
Transition Metals
35%
Transition Metals
35%
Transition Metals
35%
Transition Metals
35%
Transition Metals
35%
Transition Metals
35%
Transition Metals
35%
Alkali Metals
34%
Alkali Metals
34%
Noble Gases
34%
Noble Gases
34%
Transition Metals
34%
Transition Metals
34%
Transition Metals
34%
Transition Metals
34%
Alkali Metals
33%
Alkaline Earth Metals
33%
Alkaline Earth Metals
33%
Halogens
33%
Transition Metals
33%
Alkaline Earth Metals
32%
Actinides
32%
Transition Metals
32%
Transition Metals
32%
Alkali Metals
31.1%
Alkaline Earth Metals
31.1%
Lanthanides
31.1%
Actinides
31.1%
Non-Metals
31.1%
Transition Metals
31.1%
Transition Metals
31.1%
Actinides
30.1%
Actinides
30.1%
% Correct
Non-Metals
30.1%
Actinides
29.1%
Actinides
29.1%
Actinides
29.1%
Actinides
29.1%
Halogens
29.1%
Halogens
29.1%
Transition Metals
29.1%
Transition Metals
29.1%
Transition Metals
29.1%
Transition Metals
29.1%
Transition Metals
29.1%
Transition Metals
29.1%
Alkaline Earth Metals
28.2%
Actinides
28.2%
Non-Metals
28.2%
Transition Metals
28.2%
Alkali Metals
27.2%
Non-Metals
27.2%
Non-Metals
27.2%
Transition Metals
27.2%
Transition Metals
27.2%
Transition Metals
27.2%
Actinides
26.2%
Actinides
26.2%
Actinides
26.2%
Actinides
26.2%
Halogens
26.2%
Transition Metals
26.2%
Transition Metals
26.2%
Noble Gases
25.2%
Unknown
25.2%
Transition Metals
25.2%
Alkaline Earth Metals
24.3%
Actinides
24.3%
Transition Metals
24.3%
Alkali Metals
23.3%
Lanthanides
23.3%
Unknown
23.3%
Lanthanides
22.3%
% Correct
Non-Metals
22.3%
Post-Transition Metals
21.4%
Unknown
21.4%
Unknown
21.4%
Transition Metals
21.4%
Lanthanides
20.4%
Metalloids
20.4%
Lanthanides
19.4%
Lanthanides
19.4%
Lanthanides
19.4%
Lanthanides
19.4%
Lanthanides
19.4%
Lanthanides
18.4%
Lanthanides
18.4%
Lanthanides
18.4%
Lanthanides
18.4%
Lanthanides
18.4%
Metalloids
17.5%
Transition Metals
17.5%
Metalloids
16.5%
Post-Transition Metals
16.5%
Post-Transition Metals
16.5%
Lanthanides
15.5%
Post-Transition Metals
15.5%
Metalloids
14.6%
Metalloids
14.6%
Post-Transition Metals
13.6%
Non-Metals
13.6%
Post-Transition Metals
12.6%
Post-Transition Metals
12.6%
Post-Transition Metals
11.7%
Unknown
11.7%
Metalloids
9.7%
Metalloids
8.7%
Unknown
6.8%
Unknown
5.8%
Unknown
5.8%
Post-Transition Metals
3.9%

You're not logged in!

Compare scores with friends on all Sporcle quizzes.
Join for Free
OR
Log In

You Might Also Like...

Show Comments

Extras

Top Quizzes Today


Score Distribution

Your Account Isn't Verified!

In order to create a playlist on Sporcle, you need to verify the email address you used during registration. Go to your Sporcle Settings to finish the process.

Report this User

Report this user for behavior that violates our Community Guidelines.

Details: